Recentering Pacific Asia : (Record no. 760962)
[ view plain ]
| 000 -LEADER | |
|---|---|
| fixed length control field | 01419cam a22002298i 4500 |
| 020 ## - INTERNATIONAL STANDARD BOOK NUMBER | |
| ISBN | 9781009393812 |
| 082 00 - DEWEY DECIMAL CLASSIFICATION NUMBER | |
| Classification number | R 327.510 182 3 BRA/R |
| Edition number | 23/eng/20230602 |
| 100 1# - MAIN ENTRY--AUTHOR NAME | |
| Personal name | Womack, Brantly, |
| Relator term | author. |
| 245 10 - TITLE STATEMENT | |
| Title | Recentering Pacific Asia : |
| Sub Title | regional China and world order / |
| Statement of responsibility, etc | by Brantly Womack, |
| 260 ## - PUBLICATION, DISTRIBUTION, ETC. (IMPRINT) | |
| Place of publication | . - U K |
| Name of publisher | : Cambridge University Press |
| Year of publication | , 2023 |
| 300 ## - PHYSICAL DESCRIPTION | |
| Number of Pages | xvii+255 pages |
| 504 ## - BIBLIOGRAPHY, ETC. NOTE | |
| Bibliography, etc | Includes bibliographical references and index. |
| 505 0# - FORMATTED CONTENTS NOTE | |
| Formatted contents note | Continuities in China's Pacific Asian centrality -- Thin connectivity : traditional Chinese centrality -- Sharp connectivity : Western modernization and de-centered Pacific Asia -- Thick connectivity : the re-centering of Pacific Asia -- China, Pacific Asia, and reconfiguring a multinodal world -- Global power rivalry, Pacific Asia, and world order. |
| 520 ## - SUMMARY, ETC. | |
| Summary, etc | "Brantly Womack argues that China's regional context is the key to both its economic success and its major political challenges. Pacific Asia is now the world's largest and most cohesive economic region, and China has returned to its center. China's regional experience and challenges will therefore shape its global outlook and prospects"-- |
| 650 #0 - SUBJECT ADDED ENTRY--TOPICAL TERM | |
| Topical Term | International organization. |
| 700 1# - ADDED ENTRY--PERSONAL NAME | |
| Personal name | Wang, Gungwu, |
| 700 1# - ADDED ENTRY--PERSONAL NAME | |
| Personal name | Wu, Yushan, |
| 700 1# - ADDED ENTRY--PERSONAL NAME | |
| Personal name | Qin, Yaqing, |
| 700 1# - ADDED ENTRY--PERSONAL NAME | |
| Personal name | Goh, Evelyn, |
| 942 ## - ADDED ENTRY ELEMENTS (KOHA) | |
| Source of classification or shelving scheme | Dewey Decimal Classification |
| Koha item type | Reference |
No items available.
